00596 2200217 4500001002100000005001500021035002000036007000300056008004100059020001900100082001000119084001600129100002000145245008300165260003100248300003100279650002500310700001900335990001200354990001200366INLIS00000000000154920180213024017 a0010-0218000144ta180213 g 0 ind  a97860223757961 a153.8 a153.8 MAM n0 aMAMAN, Suherman1 aNoTulen = Tidak Asli tapi Hamba Allah /cMaman Suherman; editor, Linda Irawati aJakarta :bGrasindo,c2017 a180 hlm. :bilus. ;c20 cm aMOTIVASI (PSIKOLOGI)0 aLINDA, Irawati a16374 a a16374 b